PP DOS - MIKROS 86 T - PASCAL. Príručka operátora
Enregistré dans:
| Format: | Livre |
|---|---|
| Langue: | slovaque |
| Publié: |
Ostrava
Kanc. stroje
1987
|
| Édition: | 1. vyd. |
| Tags: |
Pas de tags, Soyez le premier à ajouter un tag!
|
MARC
| LEADER | 00000nam a2200000 4500 | ||
|---|---|---|---|
| 001 | c024085 | ||
| 005 | 20221219094945.6 | ||
| 041 | 0 | |a slo | |
| 044 | |a CZ | ||
| 245 | 1 | 0 | |a PP DOS - MIKROS 86 |b T - PASCAL. Príručka operátora |
| 250 | |a 1. vyd. | ||
| 264 | 1 | |a Ostrava |b Kanc. stroje |c 1987 | |
| 300 | |a 393 s. | ||